| 000 | 00677nam a22001817a 4500 | ||
|---|---|---|---|
| 003 | 0 | ||
| 005 | 20160609165503.0 | ||
| 008 | 100517t xxu||||| |||| 00| 0 eng d | ||
| 020 | _a973 99919 63 05 1 | ||
| 040 |
_aENAM _bFr _cENAM |
||
| 110 |
_aBénin. Ministère de la Justice, de la Législation et des Droits de l'Homme _95205 |
||
| 245 | _aLe code de l'enfant au Bénin : textes législatifs et conventionnels | ||
| 260 |
_aCotonou _bMinistère de la Justice, de la Législation et des Droits de l'Homme _c2005 |
||
| 270 |
_k(229) 21 31 31 46/47 _l(229) 21 31 31 48 |
||
| 300 |
_a650 p. _c21, 5 cm. |
||
| 650 |
_aEnfant : code ; Législation _bBénin _95206 |
||
| 942 | _cLIVR | ||
| 999 |
_c47130 _d47130 |
||